100 europäische Städte nach Hinweis - Statistiken

Allgemein
  • Dieses Quiz wurde 81 mal gespielt
  • Das Durchschnittsergebnis liegt bei 57 aus 100
Antwortstatistiken
Hinweis Stadt % Korrekt
3 Hier befindet sich der Rote Platz mit Kreml, Basilius-Kathedrale und Lenin-Mausoleum Moskau
96%
1 In dieser Stadt an der Rheinmündung befindet sich der größte Hafen Europas Rotterdam
93%
2 Diese tschechische Stadt ist für den nach ihr benannten Bierbrautyp bekannt Pilsen
91%
9 In dieser Stadt spielt der mit 15 Champions League Titeln erfolgreichste Verein Europas Madrid
82%
61 In dieser Stadt am Fuß des Vesuvs wurde die Pizza erfunden Neapel
81%
8 Diese Balkan-Hauptstadt ist auch ein beliebter Vornamen für Frauen Sofia
81%
5 In dieser Großstadt in den Alpen findet das dritte Springen der Vierschanzentournee statt Innsbruck
79%
21 Diese Stadt hieß bis vor ca. 100 Jahren Konstantinopel Istanbul
79%
68 In dieser Mozart-Stadt findet jedes Jahr ein renommiertes Theaterfestival statt, bei dem u.a. das Stück "Jedermann" aufgeführt wird Salzburg
79%
81 Nördlichste Hauptstadt der Welt, in der über ein drittel der Einwohner des Landes wohnen Reykjavík
78%
60 Die Gründer dieser "Ewigen Stadt" sollen der Legende nach von einer Wölfin großgezogen worden sein Rom
78%
27 Nach dieser Stadt ist ein Schnitzel, eine Brühwurst und eine Kaffeespezialität benannt Wien
78%
25 Die Französische Nationalhymne ist nach dieser Hafenstadt benannt Marseille
76%
92 In dieser Stadt befindet sich Monte Carlo, bekannt für Kasinos, Formel 1 und das Zirkusfestival Monaco
75%
20 Die Bürger dieser Stadt verurteilten Sokrates zu Tode, weil dieser die Jugend verdorben und die Götter missachtet haben soll Athen
73%
71 In dieser Stadt ließ sich Diktator Nicolae Ceaușescu das größte Parlamentsgebäude der Welt und nach Nutzfläche größte Gebäude Europas bauen Bukarest
73%
31 Günter Grass widmete dieser polnischen Hafenstadt eine Romantriologie inklusive dem Roman "Die Blechtrommel" Gdansk
73%
37 Diese Stadt am Ijselmeer wird durch Grachten genannte Kanäle durchzogen Amsterdam
72%
12 Eines der bekanntesten Wahrzeichen dieser Stadt ist die Statue eines pinkelnden Knabens Brüssel
72%
63 In dieser Stadt findet sich das Trinity College und die Guiness-Brauerei Dublin
72%
15 Der Erzbischof dieser ehemaligen Königsstadt an der Weichsel wurde als Johannes Paul II 1978 Papst Krakau
72%
55 Diese Stadt war im 19. Jahrhundert die größte Stadt der Welt London
72%
35 Im San Siro Stadion dieser Stadt stehen die Ultras von Inter in der Nord- und von AC in der Südkurve Mailand
72%
86 Nach dieser Südspanischen Stadt ist eine Eissorte mit Rumrosinen benannt Malaga
72%
41 Diese Stadt an der Deutsch-Französischen Grenze beheimatet das EU-Parlament Straßburg
72%
18 Diese Stadt ist die alphabetisch letzte Landeshauptstadt der Welt Zagreb
72%
22 In dieser Stadt an der Save-Mündung in die Donau findet das Derby zwischen Roter Stern und Partizan statt Belgrad
70%
33 In dieser Millionenstadt an der Donau befindet sich das älteste U-Bahn-System Kontinentaleuropas Budapest
70%
56 Diese Stadt ist in Deutschland vor allen Dingen durch den Ballermann berühmt-berüchtigt Palma de Mallorca
70%
19 Diese Stadt an der Douro-Mündung ist für ihren Portwein berühmt Porto
70%
66 In dieser Stadt findet das Old Firm zwischen Celtic und Rangers statt Glasgow
69%
14 In dieser Hafenstadt am Schwarzen Meer spielt der Film "Panzerkreuzer Potemkin" mit der berühmten Treppenszene Odessa
67%
74 Der größte Fußballverein dieser Stadt ist dafür bekannt, dass nur baskische Spieler für ihn spielen dürfen Bilbao
66%
100 Nach dieser Stadt ist eine beliebte Pastasoße aus Hackfleisch, Tomaten und Wurzelgemüse benannt Bologna
66%
51 In dieser Stadt befinden sich die Uffizien und der berühmte David von Michelangelo Florenz
66%
69 Bis zur Gründung Jugoslawiens hieß diese Stadt offiziell Laibach und lag in Österreich-Ungarn Ljubljana
66%
84 Diese Landeshauptstadt besteht zum Teil aus vielen kleinen Inseln in der Ostsee, welche Schären genannt werden Stockholm
66%
64 In dieser Stadt im Piemont befindet sich der Sitz des Automobilkonzerns Fiat Turin
66%
75 Stadt mit Stammsitz von Philips und dem Fußballverein Philips’ Sport Vereniging (PSV) Eindhoven
64%
29 Diese Landeshauptstadt an der Ostsee ist Zentrum des nördlichsten Metropolregion mit mehr als einer Millionen Einwohnern Helsinki
64%
6 Französische Stadt mit Sitz der Interpol, weltweit berühmt für ihre Gastronomie Lyon
64%
43 Größte Stadt des Baltikums welche bis zum Zweiten Weltkrieg durch ihre große jüdische Bevölkerung auch als Jerusalem des Nordens bekannt war Vilnius
64%
65 Über dieser am Dnipro gelegenen Stadt thront die Mutter Heimat, größte Statue Europas und das goldbedeckte Höhlenkloster Kyjiv
63%
34 Andalusische Stadt am Guadalquivir, in der Amerigo Vespucci und Ferdinand Magellan zu ihren Reisen aufbrachen Sevilla
63%
58 Diese Stadt beherbergte auf der Tyske Bryggen ein wichtiges Hansekontor und ist heute Ausgangspunkt für Fjord-Kreuzfahrten Bergen
61%
39 Diese Stadt an der Donau grenzt sowohl an Österreich wie auch an Ungarn Bratislava
61%
95 Nach einem Vicky Leandros Schlager soll Theo in diese polnische Textilstadt fahren Lodz
61%
80 Der Fußklub dieser Donbass-Stadt musste seine Champions-League-Heimspiele aufgrund des Ukraine-Kriegs in Hamburg und Gelsenkirchen bestreiten Donezk
60%
10 Vor der Toren dieser Stadt befindet sich das CERN mit dem LHC, dem größten Teilchenbeschleuniger der Welt Genf
60%
47 Diese Stadt in Nordengland ist Heimat von Oasis, The Smiths und Joy Division Manchester
60%
98 Diese Stadt an der spanischen Mittelmeerküste gilt als Heimatstadt der Paella Valencia
60%
54 An der Garonnemündung gelegene Stadt in Aquitanien, ist diese Stadt für ihren Wein bekannt Bordeaux
58%
30 Apostel Paulus schrieb zwei Briefe an die Gemeinde dieser Großstadt in Nordgriechenland Thessaloniki
58%
36 In dieser flämischen Stadt spielt die Tragikomödie "... sehen und sterben" mit Colin Farrell und Brendan Gleeson Brügge
57%
99 Dieser Sitz eines Großherzogtums ist auch Sitz des EU-Gerichtshofs und des EU-Rats Luxemburg
57%
38 Über dieser Stadt steht der Holmenkollen, eine bekannte Skisprung-Schanze Oslo
57%
32 Diese Stadt gilt als Zentrum Mährens und ist Sitz der obersten Judikative Tschechiens Brno
55%
83 In dieser walisischen Großstadt wurden große Teile der Serie Doctor Who gedreht Cardiff
55%
49 Diese Großstadt in Skane ist über eine Brücke mit Sjaelland verbunden Malmo
55%
23 Diese "Goldene Stadt" hat die älteste Universität Mitteleuropas Prag
55%
59 In dieser Stadt an der Newa-Mündung befindet sich das Eremitage-Museum Sankt Petersburg
55%
97 Diese Stadt ist kein Malheur, sondern eine Universitäts- und Bischofsstadt in Schweden Uppsala
55%
62 In dieser korsischen Stadt wurde Kaiser Napoleon Bonaparte geboren Ajaccio
52%
48 Diese Stadt am Atlantik wurde 1755 durch ein Erdbeben fast vollständig zerstört Lissabon
52%
67 Dieser Badeort an der russischen Schwarzmeerküste war 2014 Austragungsort olympischer Winterspiele Sotchi
52%
28 In dieser Landeshauptstadt befindet sich der Sitz der Sowjetunion-Nachfolge-Organisation "Gemeinschaft Unabhängiger Staaten" (GUS) Minsk
51%
53 Im Archäologischen Museum dieser Bulgarischen Küstenstadt befindet sich der älteste Goldschatz der Welt Varna
51%
24 Diese Hafenstadt an der Schelde ist ein wichtiges Zentrum der Diamantenverarbeitung Antwerpen
49%
94 Die Bewohner dieser Nordenglischen Stadt werden Geordies, der Fußballverein Magpies genannt Newcastle
49%
16 Diese Stadt an der Dünamündung in die Ostsee war im Mittelalter eine wichtige Hansestadt Riga
49%
40 Der Einsturz eines Bahnhofsdaches im November 2024 in dieser Nordserbischen Stadt führte zu bis heute anhaltenden Protesten Novi Sad
48%
44 Diese Stadt wurde durch Huldrych Zwingli reformiert, woraus die Reformierte Kirche entstand Zürich
48%
7 "Athen des Nordens" am Firth of Forth in der sich der bei britischen Königskrönungen verwendete Stein von Scone befindet Edinburgh
46%
70 In dieser größten Stadt Dalmatiens befindet sich der Diokletianspalast Split
46%
13 Eine weitverbreitete Interpretation der Quantenmechanik ist nach dieser Stadt auf Sjaelland benannt Kopenhagen
45%
4 In dieser Balkan-Stadt befindet sich ein großer Platz mit Reiterstandbild für Nationalheld Skanderbeg Tirana
45%
96 Der Philosoph Immanuel Kant soll diese Exklaven-Stadt sein ganzes Leben lang quasi nicht verlassen haben Kaliningrad
42%
79 Diese Stadt in der Westukraine war Hauptstadt des Königreiches Galizien und Teil von Polen, Österreich-Ungarn und der Sowjetunion Lwiw
42%
17 Die Bewohner dieser Stadt in den englischen West Midlands werden Brummies genannt Birmingham
40%
42 Diese Hauptstadt an der Zeta hieß von 1946 bis 1992 Titograd Podgorica
40%
50 In dieser schlesischen Stadt finden sich viele kleine Zwergenstatuen Wroclaw
40%
90 In der Nähe dieser Stadt findet sich der Palast von Knossos, größter Palast der bronzezeitlichen Minoer-Kultur Iraklio
39%
89 Die größte nördlich des Polarkreises liegende Stadt auf der Kola-Halbinsel ist ein wichtiger Flottenstützpunkt Murmansk
37%
91 Diese Stadt liegt auf Sizilien, direkt an der nach ihr benannten Meerenge zur italienischen Halbinsel Messina
36%
78 Diese Stadt ist größte und ehemalige Hauptstadt von Siebenbürgen Cluj-Napoca
33%
26 Aus dieser Stadt am Kattegat kommen viele bekannte Melodic Death Metal Bands wie In Flames oder At the Gates Göteborg
33%
45 In dieser Stadt wurde in der vielleicht berühmteste Schlacht des zweiten Weltkrieges die 6. Armee der Wehrmacht vernichtet Wolgograd
33%
82 In dieser Stadt an der Loire-Mündung wurde 1826 die erste öffentliche Omnibus-Linie in Betrieb genommen Nantes
31%
85 Diese an der Ostsee gelegene Stadt war früher als Reval bekannt Talinn
31%
46 Diese Stadt ist Hauptstadt des international nicht anerkannten Staates Transnistrien Tiraspol
31%
88 Diese Stadt in Bulgarien wurde von Phillip II (Vater Alexanders des Großen) unter dem Namen Phillipopolis gegründet Plowdiw
30%
77 Diese Stadt ist Hauptstadt eines Landes, welches früher auch als Bessarabien bekannt war Chisinau
28%
93 Diese Stadt in Spanien ist der Zielort des Jakobswegs Santiago de Compostella
28%
87 Hauptstadt Tatarstans, welche wegen ihrer lebendigen muslimischen Kultur auch "Istanbul an der Wolga" genannt wird Kasan
27%
76 In dieser Stadt in der Normandie wurde Jeanne d'Arc auf dem Scheiterhaufen verbrannt Rouen
27%
73 Mit einer langen französisch-britischen Belagerung war hier einer der Hauptkriegsschaupunkte des Krimkriegs Sewastopol
24%
57 In dieser an der Memel gelgenen Stadt findet eine renommierte Textilkunst-Biennale statt Kaunas
22%
11 In dieser durch u.a. Araber, Normannen, Byzantiner und Staufer geprägten Stadt befindet sich der Sarkophag von Kaiser Friedrich II Palermo
19%
52 Diese Stadt war früher als Ragusa und aktuell als Kings Landing bekannt Dubrovnik
13%
72 Bei dieser früher Adrianopel genannten Stadt kam es zu einer verheerenden Niederlage Roms gegen die Goten Edirne
12%
Keine übereinstimmenden Quizze gefunden
Verteilung der Resultate
Anzahl Personen mit jedem Resultat
Perzentil nach korrekt beantworteten Fragen
Ihre Resultats-Entwicklung
Sie haben dieses Quiz noch nicht gespielt